| 000 | 00410nam a2200145 4500 | ||
|---|---|---|---|
| 001 | 120577 | ||
| 003 | ES-MaACL | ||
| 005 | 20230906191559.0 | ||
| 007 | t| | ||
| 008 | 070214s1906 sp r ||||1| spa d | ||
| 100 | 1 |
_aPizcueta y Donday, José. _992457 |
|
| 245 | 1 | 0 |
_aElogio histórico de don Antonio José Cavanilles / _cJosé Pizcueta. |
| 260 |
_aMadrid : _b[s. n.], _c1906. |
||
| 852 |
_aES-MaACL _jT-1071-F-9 |
||
| 999 |
_c120577 _d120577 |
||